[Event "FIDE World Blitz-ch Women 2018"]
[Site "St. Petersburg"]
[Date "2018.12.30"]
[Round "11.20"]
[White "Drozdova, Dina"]
[Black "Javakhishvili, Lela"]
[Result "0-1"]
[WhiteElo "2178"]
[BlackElo "2464"]
[Annotator "ChessBase"]
[PlyCount "110"]
[EventDate "2018.12.19"]
[EventType "swiss"]
[EventCountry "RUS"]
[SourceTitle "playchess.com"]
[Source "ChessBase"]
[SourceQuality "1"]

1. d4 Nf6 2. c4 e6 3. Nf3 b6 4. g3 Ba6 5. Nbd2 Bb4 6. Qc2 Bb7 7. Bg2 c5 8. O-O cxd4 9. Nxd4 Bxg2 10. Kxg2 Qc8 11. a3 Be7 12. N2f3 O-O 13. h3 Qb7 14. Be3 Rc8 15. Rac1 d5 16. Qb3 Nbd7 17. cxd5 Nxd5 18. Qa2 Nxe3+ 19. fxe3 Nf6 20. Qb1 h6 21. Rxc8+ Rxc8 22. Rc1 Rxc1 23. Qxc1 g5 24. Qc6 Qb8 25. g4 Kg7 26. b4 Nd5 27. Qd7 Nxe3+ 28. Kf2 Nd5 29. Nc6 Qd6 30. Qxd6 Bxd6 31. Nxa7 Nc3 32. Nc6 f5 33. Nfd4 Kf6 34. Nc2 Nb5 35. a4 Nc7 36. a5 bxa5 37. bxa5 Na6 38. N2d4 Bc5 39. Kf3 fxg4+ 40. hxg4 e5 41. Nf5 h5 42. Ng3 h4 43. Ne4+ Kg6 44. Nxc5 Nxc5 45. Nxe5+ Kf6 46. Nc6 Ke6 47. Nb4 Kd6 48. a6 Kc7 49. a7 Kb7 50. Nc6 Ne6 51. e4 Nc7 52. Nd4 Kxa7 53. e5 Kb6 54. e6 Kc5 55. e7 Kxd4 0-1

[Event "FIDE World Blitz-ch Women 2018"]
[Site "St. Petersburg"]
[Date "2018.12.30"]
[Round "11.21"]
[White "Muzychuk, Anna"]
[Black "Badelka, Olga"]
[Result "1-0"]
[WhiteElo "2569"]
[BlackElo "2385"]
[Annotator "ChessBase"]
[PlyCount "105"]
[EventDate "2018.12.19"]
[EventType "swiss"]
[EventCountry "RUS"]
[SourceTitle "playchess.com"]
[Source "ChessBase"]
[SourceQuality "1"]

1. f4 c5 2. Nf3 Nc6 3. g3 g6 4. Bg2 Bg7 5. O-O d6 6. e4 e6 7. d3 Nge7 8. c3 O-O 9. a4 Rb8 10. Be3 f5 11. Nbd2 b6 12. Qc2 h6 13. Rae1 a6 14. Kh1 Kh7 15. Bg1 Qc7 16. d4 cxd4 17. cxd4 Qd7 18. exf5 gxf5 19. Qd3 Nb4 20. Qb3 Nbd5 21. Re2 Nc6 22. Rfe1 Qf7 23. Nc4 Rd8 24. Qd1 b5 25. axb5 axb5 26. Ne3 Nce7 27. Nxd5 Nxd5 28. Nh4 Nf6 29. Qb3 Ne4 30. Rxe4 fxe4 31. Bxe4+ Kg8 32. Bg2 d5 33. Nf3 b4 34. Qe3 Bd7 35. Ne5 Bxe5 36. Qxe5 Rbc8 37. Be3 Qf5 38. Qd6 Rc2 39. Qe7 Qf8 40. Qh4 Rdc8 41. f5 Qxf5 42. Qxh6 Qh7 43. Qg5+ Qg7 44. Qh4 Bc6 45. Bh6 Qg6 46. Bg5 Re8 47. Bf6 Qh7 48. Qg5+ Kf7 49. Rf1 Rg8 50. Qe5 Ke8 51. Qb8+ Kd7 52. Qa7+ Kc8 53. Qxh7 1-0

[Event "FIDE World Blitz-ch Women 2018"]
[Site "St. Petersburg"]
[Date "2018.12.30"]
[Round "11.22"]
[White "Zhao, Xue"]
[Black "Chernyak, Viktoria"]
[Result "1/2-1/2"]
[WhiteElo "2485"]
[BlackElo "2186"]
[Annotator "ChessBase"]
[PlyCount "98"]
[EventDate "2018.12.19"]
[EventType "swiss"]
[EventCountry "RUS"]
[SourceTitle "playchess.com"]
[Source "ChessBase"]
[SourceQuality "1"]

1. d4 d5 2. Bf4 Nf6 3. e3 e6 4. Nf3 c5 5. Nbd2 Bd6 6. dxc5 Bxf4 7. exf4 Qc7 8. Ne5 Qxc5 9. Bd3 Qb4 10. Qf3 Qxb2 11. O-O Qb6 12. c4 O-O 13. Rfc1 Nc6 14. Rab1 Qa5 15. Nb3 Qd8 16. Rd1 Qe7 17. Qh3 a5 18. Qh4 g6 19. Re1 a4 20. Nd2 Nd7 21. Qg3 Ndxe5 22. fxe5 Nb4 23. Bf1 Nc2 24. Red1 Nd4 25. Qd3 Nf5 26. cxd5 exd5 27. Qxd5 Rd8 28. Qb5 Bd7 29. Qxb7 Qxe5 30. Nc4 Qe6 31. Re1 Qc6 32. Qxc6 Bxc6 33. Ne5 Bd5 34. a3 Bb3 35. Rbc1 Rac8 36. g3 Kg7 37. Bg2 Nd4 38. Kh1 Nc2 39. Rf1 Nxa3 40. f4 Nb5 41. Nc6 Rd2 42. Rc5 Nd4 43. h3 Nxc6 44. Rxc6 Rxc6 45. Bxc6 a3 46. Kg1 a2 47. Ra1 Rb2 48. Be4 Bc2 49. Bxc2 Rxc2 1/2-1/2

[Event "FIDE World Blitz-ch Women 2018"]
[Site "St. Petersburg"]
[Date "2018.12.30"]
[Round "11.23"]
[White "Nebolsina, Vera"]
[Black "Batsiashvili, Nino"]
[Result "1-0"]
[WhiteElo "2242"]
[BlackElo "2459"]
[Annotator "ChessBase"]
[PlyCount "125"]
[EventDate "2018.12.19"]
[EventType "swiss"]
[EventCountry "RUS"]
[SourceTitle "playchess.com"]
[Source "ChessBase"]
[SourceQuality "1"]

1. Nf3 Nf6 2. g3 d5 3. Bg2 c5 4. O-O h6 5. d4 cxd4 6. Nxd4 e5 7. Nb3 Nc6 8. N1d2 Be6 9. c3 Be7 10. e4 O-O 11. exd5 Bxd5 12. Qe2 Bxg2 13. Kxg2 a5 14. a4 Qd5+ 15. f3 Rfd8 16. Nc4 e4 17. Nbd2 Qd3 18. Re1 exf3+ 19. Nxf3 Bc5 20. Be3 Bxe3 21. Nxe3 Qxe2+ 22. Rxe2 Rd7 23. Nc4 Rad8 24. Rae1 Kf8 25. Nfe5 Nxe5 26. Rxe5 Rd5 27. Nxa5 Rxe5 28. Rxe5 Rd2+ 29. Kf3 Rxb2 30. Rb5 Rxh2 31. Nxb7 Rc2 32. Rc5 Ke7 33. Rc7+ Ke6 34. a5 Nd5 35. Nd8+ Kd6 36. Rxf7 Rxc3+ 37. Kg4 Nf6+ 38. Kh3 Ra3 39. Rxg7 Ne4 40. a6 Ke5 41. a7 Nd6 42. Rg6 Kd5 43. Rxh6 Rxa7 44. Ne6 Ra3 45. Nf4+ Ke5 46. Re6+ Kf5 47. Rxd6 Rb3 48. Rd5+ Ke4 49. Rd8 Kf3 50. Rd3+ Rxd3 51. Nxd3 Ke4 52. g4 Kd5 53. Kh4 Ke6 54. Kh5 Kf7 55. Kg5 Kg7 56. Nf2 Kf7 57. Kh6 Kg8 58. g5 Kh8 59. g6 Kg8 60. Nh1 Kh8 61. Ng3 Kg8 62. g7 Kf7 63. Kh7 1-0

[Event "FIDE World Blitz-ch Women 2018"]
[Site "St. Petersburg"]
[Date "2018.12.30"]
[Round "11.24"]
[White "Assaubayeva, Bibisara"]
[Black "Murashova, Ekaterina"]
[Result "0-1"]
[WhiteElo "2372"]
[BlackElo "2259"]
[Annotator "NA"]
[PlyCount "124"]
[EventDate "2018.12.19"]
[EventType "swiss"]
[EventCountry "RUS"]
[SourceTitle "playchess.com"]
[Source "ChessBase"]
[SourceQuality "1"]

1. d4 d5 2. c4 e6 3. Nf3 Nf6 4. Nc3 Be7 5. Bg5 Nbd7 6. e3 h6 7. Bh4 O-O 8. Bd3 c5 9. cxd5 Nxd5 10. Bxe7 Qxe7 11. Nxd5 exd5 12. dxc5 Nxc5 13. O-O Bg4 14. Be2 Rfd8 15. Nd4 Bxe2 16. Qxe2 Rac8 17. Rfd1 Ne6 18. Nxe6 fxe6 19. Rac1 a6 20. h3 Rc5 21. Qg4 Rdc8 22. Rxc5 Rxc5 23. Qb4 Qc7 24. a3 Rc2 25. g3 b5 26. Qd4 Rc4 27. Qd3 Qe5 28. Rd2 Rc1+ 29. Kg2 Qc7 30. Rd1 Rc4 31. Qg6 Qc6 32. Qd3 Rc2 33. Rd2 Rc1 34. Rd1 d4+ 35. Kg1 dxe3 36. fxe3 Rxd1+ 37. Qxd1 Qe4 38. Qd8+ Kh7 39. Qd2 h5 40. h4 Kh6 41. Kf2 Qf5+ 42. Kg2 Qe4+ 43. Kf2 Kg6 44. Qc3 Qf5+ 45. Kg2 Qd5+ 46. Kf2 e5 47. Qc2+ e4 48. Ke2 Kh7 49. Qd2 Qf5 50. Qd4 Qg6 51. Kd2 Qc6 52. Qe5 Qd7+ 53. Ke1 Qg4 54. Qf4 Qxf4 55. exf4 Kg6 56. Kf2 Kf5 57. Ke3 Kg4 58. Kxe4 Kxg3 59. Kf5 Kxh4 60. Kg6 Kg4 61. f5 h4 62. Kxg7 Kxf5 0-1

[Event "FIDE World Blitz-ch Women 2018"]
[Site "St. Petersburg"]
[Date "2018.12.30"]
[Round "11.25"]
[White "Mamedjarova, Turkan"]
[Black "Solozhenkina, Elizaveta"]
[Result "1-0"]
[WhiteElo "2295"]
[BlackElo "2258"]
[Annotator "NA"]
[PlyCount "89"]
[EventDate "2018.12.19"]
[EventType "swiss"]
[EventCountry "RUS"]
[SourceTitle "playchess.com"]
[Source "ChessBase"]
[SourceQuality "1"]

1. d4 Nf6 2. Nf3 e6 3. c4 d5 4. Nc3 dxc4 5. e3 c5 6. Bxc4 a6 7. O-O b5 8. Bb3 Bb7 9. a3 Nc6 10. dxc5 Bxc5 11. Qe2 O-O 12. e4 Nd4 13. Nxd4 Bxd4 14. Rd1 Qb6 15. Bc2 e5 16. Bg5 Rac8 17. Qf3 h6 18. Bh4 Nd7 19. Bb3 Nc5 20. Nd5 Bxd5 21. Bxd5 Qg6 22. Rab1 Rc7 23. h3 Kh8 24. Qe2 Na4 25. Kh2 Rfc8 26. Bb3 Nc5 27. Bd5 f5 28. exf5 Qxf5 29. Bg3 Nd7 30. Be4 Qf6 31. Qg4 Nf8 32. Rd3 Rc2 33. Rf3 Qe7 34. Bxc2 Rxc2 35. Qe4 Rc8 36. Qf5 Rd8 37. Re1 g6 38. Bxe5+ Bxe5+ 39. Qxe5+ Qxe5+ 40. Rxe5 Kg8 41. Rc5 Ne6 42. Rcc3 Rd2 43. Rf6 Nd4 44. Rxa6 Rxb2 45. Rc7 1-0

[Event "FIDE World Blitz-ch Women 2018"]
[Site "St. Petersburg"]
[Date "2018.12.30"]
[Round "11.26"]
[White "Yurasova, Daria"]
[Black "Mirzoeva, Elmira"]
[Result "0-1"]
[WhiteElo "2190"]
[BlackElo "2281"]
[Annotator "NA"]
[PlyCount "42"]
[EventDate "2018.12.19"]
[EventType "swiss"]
[EventCountry "RUS"]
[SourceTitle "playchess.com"]
[Source "ChessBase"]
[SourceQuality "1"]

1. d4 d6 2. Nf3 g6 3. g3 Bg7 4. Bg2 Nd7 5. O-O e5 6. dxe5 dxe5 7. c3 Ngf6 8. Nbd2 O-O 9. Nc4 Re8 10. Ncxe5 Nxe5 11. Qxd8 Nxf3+ 12. Bxf3 Rxd8 13. Bf4 c6 14. b4 Nd5 15. Bxd5 Rxd5 16. e4 Rd8 17. Rac1 Bh3 18. Rfe1 b5 19. f3 Be6 20. e5 Bxa2 21. e6 Bxe6 0-1

[Event "FIDE World Blitz-ch Women 2018"]
[Site "St. Petersburg"]
[Date "2018.12.30"]
[Round "11.27"]
[White "Gevorgyan, Maria"]
[Black "Paramzina, Anastasya"]
[Result "1-0"]
[WhiteElo "2228"]
[BlackElo "2229"]
[Annotator "NA"]
[PlyCount "61"]
[EventDate "2018.12.19"]
[EventType "swiss"]
[EventCountry "RUS"]
[SourceTitle "playchess.com"]
[Source "ChessBase"]
[SourceQuality "1"]

1. e4 c5 2. Nc3 a6 3. g3 b5 4. Bg2 Bb7 5. Nge2 g6 6. d4 cxd4 7. Nxd4 Bg7 8. O-O Nc6 9. Nb3 d6 10. a4 bxa4 11. Nxa4 Nf6 12. Be3 Nd7 13. Qd2 O-O 14. Rfd1 Rc8 15. f4 Qc7 16. e5 Rfe8 17. exd6 exd6 18. Qxd6 Rxe3 19. Qxd7 Qb8 20. Nac5 Re7 21. Qd2 Ba8 22. Rxa6 Bxb2 23. Nd3 Bg7 24. Re1 Rxe1+ 25. Qxe1 Bb7 26. Rb6 Qa7 27. Qf2 Qa8 28. Ndc5 Nd4 29. Bxb7 Qa7 30. Ra6 Qb8 31. Ra8 1-0

[Event "FIDE World Blitz-ch Women 2018"]
[Site "St. Petersburg"]
[Date "2018.12.30"]
[Round "11.28"]
[White "Sirotkina, Nina"]
[Black "Shuvalova, Polina"]
[Result "1-0"]
[WhiteElo "2188"]
[BlackElo "2441"]
[Annotator "NA"]
[PlyCount "121"]
[EventDate "2018.12.19"]
[EventType "swiss"]
[EventCountry "RUS"]
[SourceTitle "playchess.com"]
[Source "ChessBase"]
[SourceQuality "1"]

1. d4 Nf6 2. Bf4 e6 3. e3 c5 4. c3 b6 5. Nf3 Bb7 6. Bd3 Be7 7. h3 O-O 8. O-O d6 9. Nbd2 cxd4 10. exd4 Nbd7 11. Qe2 Re8 12. a4 a6 13. Nc4 Qc7 14. Nfd2 Bf8 15. Bg3 g6 16. Rfe1 Rac8 17. Ne3 Ra8 18. Ng4 Bg7 19. Nc4 Bf8 20. f3 Nd5 21. Qd2 h5 22. Nf2 b5 23. axb5 axb5 24. Na3 b4 25. Nb5 Qb6 26. c4 Nc7 27. Nxc7 Qxc7 28. b3 Bg7 29. Be4 Bxe4 30. Nxe4 Qb6 31. Bf2 d5 32. c5 Qc6 33. Nd6 Reb8 34. Qf4 Bf6 35. Bh4 Kg7 36. Bxf6+ Nxf6 37. g4 hxg4 38. fxg4 Qd7 39. Rxa8 Rxa8 40. Rf1 Qe7 41. g5 Ne4 42. Qxf7+ Qxf7 43. Rxf7+ Kg8 44. Re7 Nxd6 45. cxd6 Rd8 46. Rxe6 Kf7 47. Rf6+ Kg7 48. Kf2 Re8 49. Kf3 Rc8 50. Kf4 Re8 51. h4 Re4+ 52. Kf3 Re8 53. d7 Rd8 54. Rd6 Kf7 55. Kf4 Ke7 56. Ke5 Rh8 57. Kxd5 Kd8 58. Kc6 Rxh4 59. Rxg6 Rxd4 60. Rg8+ Ke7 61. d8=Q+ 1-0

[Event "FIDE World Blitz-ch Women 2018"]
[Site "St. Petersburg"]
[Date "2018.12.30"]
[Round "11.29"]
[White "Muzychuk, Mariya"]
[Black "Munkhzul, Turmunkh"]
[Result "1/2-1/2"]
[WhiteElo "2540"]
[BlackElo "2255"]
[Annotator "ChessBase"]
[PlyCount "292"]
[EventDate "2018.12.19"]
[EventType "swiss"]
[EventCountry "RUS"]
[SourceTitle "playchess.com"]
[Source "ChessBase"]
[SourceQuality "1"]

1. e4 c5 2. Nf3 d6 3. c3 Nf6 4. Be2 e5 5. O-O Be7 6. d3 O-O 7. h3 Nc6 8. a4 d5 9. exd5 Nxd5 10. Na3 Be6 11. Nc4 Bf6 12. Re1 Nde7 13. Ng5 Bxc4 14. dxc4 Qxd1 15. Rxd1 Ng6 16. Ne4 Be7 17. Nd6 Bxd6 18. Rxd6 Rfd8 19. Rd5 b6 20. Bf3 Na5 21. Bg5 f6 22. Rad1 Re8 23. Bc1 e4 24. Be2 Ne5 25. Bf4 Naxc4 26. b3 Na5 27. b4 cxb4 28. cxb4 Nac6 29. b5 Ne7 30. R5d4 N7g6 31. Bxe5 Rxe5 32. Bc4+ Kf8 33. Rd7 Re7 34. Rxe7 Kxe7 35. Re1 f5 36. f3 Rc8 37. Bd5 Kd6 38. fxe4 fxe4 39. Bxe4 Rc4 40. Rd1+ Ke7 41. Bc6 Rxa4 42. Rd7+ Kf6 43. Rd6+ Kg5 44. g3 Ra2 45. Rd7 Kf6 46. h4 Ne5 47. Rd6+ Kf5 48. Bg2 Rb2 49. Rd5 Ke6 50. Be4 Nd7 51. Rg5 Nf6 52. Bc6 Kf7 53. Re5 Rc2 54. Re3 Rb2 55. Ra3 Kg6 56. Rxa7 Nh5 57. g4 Nf4 58. Be4+ Kf6 59. g5+ Ke5 60. Bxh7 g6 61. Re7+ Kf5 62. Re3 Rxb5 63. Rc3 Rb2 64. Rc6 Rg2+ 65. Kf1 Rh2 66. Rxb6 Rxh4 67. Bg8 Kxg5 68. Bf7 Rh2 69. Rb5+ Kg4 70. Bxg6 Nxg6 71. Rb8 Nf4 72. Rb3 Nd5 73. Ra3 Kf4 74. Ke1 Ne3 75. Ra7 Nf5 76. Ra4+ Kf3 77. Ra7 Re2+ 78. Kd1 Ne3+ 79. Kc1 Nd5 80. Ra8 Rh2 81. Ra3+ Ke4 82. Ra8 Kd3 83. Rd8 Kc4 84. Rc8+ Kb3 85. Rb8+ Nb4 86. Kd1 Kc3 87. Rc8+ Kd4 88. Rd8+ Nd5 89. Ke1 Ra2 90. Re8 Nf6 91. Re2 Ra3 92. Rd2+ Ke3 93. Re2+ Kd4 94. Rd2+ Ke5 95. Ke2 Ne4 96. Rb2 Kf4 97. Rb8 Re3+ 98. Kd1 Rd3+ 99. Kc2 Rd2+ 100. Kb3 Ke3 101. Rc8 Nd6 102. Rd8 Ke4 103. Rd7 Kd5 104. Rh7 Rd3+ 105. Kc2 Rg3 106. Rh8 Kd4 107. Rd8 Kc5 108. Rh8 Nb5 109. Rc8+ Kb4 110. Kd2 Nd4 111. Rd8 Kc4 112. Rc8+ Kd5 113. Rd8+ Ke5 114. Re8+ Ne6 115. Re7 Kd5 116. Rd7+ Ke4 117. Re7 Rg2+ 118. Kc3 Kd5 119. Rd7+ Kc5 120. Re7 Rg3+ 121. Kd2 Nd4 122. Rc7+ Nc6 123. Rc8 Kd5 124. Rc7 Kc5 125. Rc8 Rh3 126. Rc7 Kd5 127. Rd7+ Ke4 128. Rc7 Ne5 129. Rc8 Rh2+ 130. Kc3 Rh1 131. Re8 Rc1+ 132. Kd2 Rc7 133. Rd8 Nf3+ 134. Kd1 Ke3 135. Re8+ Kd3 136. Rd8+ Nd4 137. Ke1 Rf7 138. Rd5 Rf8 139. Rd7 Ke3 140. Re7+ Kd3 141. Rd7 Rf6 142. Rd8 Ke3 143. Re8+ Ne6 144. Kd1 Kd3 145. Ke1 Nd4 146. Re7 Nc2+ 1/2-1/2

[Event "FIDE World Blitz-ch Women 2018"]
[Site "St. Petersburg"]
[Date "2018.12.30"]
[Round "11.30"]
[White "Lysenko, Margarita"]
[Black "Skripchenko, Almira"]
[Result "0-1"]
[WhiteElo "2190"]
[BlackElo "2408"]
[Annotator "NA"]
[PlyCount "90"]
[EventDate "2018.12.19"]
[EventType "swiss"]
[EventCountry "RUS"]
[SourceTitle "playchess.com"]
[Source "ChessBase"]
[SourceQuality "1"]

1. c4 e5 2. Nc3 Nc6 3. Nf3 f5 4. d4 e4 5. Ng5 Be7 6. Nh3 Bf6 7. e3 Nge7 8. Be2 O-O 9. Nf4 g6 10. h4 d6 11. g4 Bg7 12. Bd2 Nb8 13. gxf5 Bxf5 14. Qb3 Nd7 15. O-O-O c5 16. d5 Nf6 17. Rdg1 Qd7 18. h5 a6 19. hxg6 hxg6 20. a4 Rab8 21. Rg3 Kf7 22. Rhg1 Rh8 23. f3 exf3 24. Bxf3 b5 25. axb5 axb5 26. e4 bxc4 27. Qxc4 Rb4 28. Qe2 Qa7 29. exf5 Qa1+ 30. Nb1 Qxb2+ 31. Kd1 Qxb1+ 32. Bc1 Rd4+ 33. Ke1 Qxc1+ 34. Kf2 Qd2 35. fxg6+ Ke8 36. Re1 Qxe2+ 37. Rxe2 Rxf4 38. Ra2 Rh2+ 39. Rg2 Rxg2+ 40. Kxg2 Nxg6 41. Ra7 Kf8 42. Ra8+ Kf7 43. Ra7+ Ne7 44. Kg3 Rd4 45. Rc7 Nfxd5 0-1

[Event "FIDE World Blitz-ch Women 2018"]
[Site "St. Petersburg"]
[Date "2018.12.30"]
[Round "11.31"]
[White "Tsatsalashvili, Keti"]
[Black "Danielian, Elina"]
[Result "0-1"]
[WhiteElo "2303"]
[BlackElo "2427"]
[Annotator "NA"]
[PlyCount "159"]
[EventDate "2018.12.19"]
[EventType "swiss"]
[EventCountry "RUS"]
[SourceTitle "playchess.com"]
[Source "ChessBase"]
[SourceQuality "1"]

1. Nf3 Nf6 2. g3 b6 3. Bg2 Bb7 4. O-O e6 5. d4 Be7 6. c4 O-O 7. Nc3 Ne4 8. Qc2 Nxc3 9. Qxc3 d6 10. b3 Nd7 11. Rd1 Bf6 12. Bb2 a5 13. a3 a4 14. b4 c5 15. Qc2 Qc7 16. dxc5 dxc5 17. b5 Bxb2 18. Qxb2 Rfd8 19. Rd2 h6 20. Rad1 Nf6 21. Rxd8+ Rxd8 22. Rxd8+ Qxd8 23. Qc2 Qa8 24. Qd3 Be4 25. Qd6 Qa5 26. Qd2 Qa8 27. h3 g5 28. Qd6 Qa5 29. Qd2 Qa8 30. Ne1 Bxg2 31. Nxg2 Kg7 32. Ne1 Qe4 33. Qd3 Qe5 34. Nf3 Qb2 35. Kg2 Qb3 36. Nd2 Qb2 37. Nf3 Qb3 38. Nd2 Qb2 39. Nf3 Qb3 40. Ne1 Qb2 41. e4 Qd4 42. Qxd4 cxd4 43. f3 Nd7 44. Nd3 e5 45. Kf2 Kf6 46. Ke2 Ke6 47. Nb4 Kd6 48. Nd5 h5 49. h4 gxh4 50. gxh4 f5 51. Kd2 fxe4 52. fxe4 Kc5 53. Kd3 Kd6 54. Ke2 Nc5 55. Nxb6 Nxe4 56. Nxa4 Ng3+ 57. Kf3 Nf5 58. c5+ Kd5 59. c6 e4+ 60. Ke2 d3+ 61. Kd2 Nd6 62. b6 Kxc6 63. Ke3 Kd5 64. Nc3+ Kc6 65. Na4 Kb5 66. Nc3+ Kxb6 67. Nd5+ Kc5 68. Nf4 Kc4 69. Kd2 Kd4 70. Ne6+ Ke5 71. Nc5 Nc4+ 72. Kc3 Nxa3 73. Kd2 Nc4+ 74. Kc3 Ne3 75. Kd2 Nd5 76. Nd7+ Kd4 77. Nf8 e3+ 78. Ke1 Nf4 79. Nd7 d2+ 80. Kd1 0-1

[Event "FIDE World Blitz-ch Women 2018"]
[Site "St. Petersburg"]
[Date "2018.12.30"]
[Round "11.32"]
[White "Shvayger, Yuliya"]
[Black "Nomin-Erdene, Davaademberel"]
[Result "0-1"]
[WhiteElo "2393"]
[BlackElo "2376"]
[Annotator "NA"]
[PlyCount "92"]
[EventDate "2018.12.19"]
[EventType "swiss"]
[EventCountry "RUS"]
[SourceTitle "playchess.com"]
[Source "ChessBase"]
[SourceQuality "1"]

1. e4 e6 2. d4 d5 3. Nc3 Nf6 4. e5 Nfd7 5. f4 c5 6. Nf3 Nc6 7. Be3 Be7 8. Qd2 b6 9. g3 O-O 10. Bg2 Ba6 11. Kf2 f6 12. exf6 Nxf6 13. h3 Ne4+ 14. Nxe4 dxe4 15. Ne5 Nxd4 16. Bxe4 Rc8 17. b3 Qc7 18. Kg2 Bb7 19. Bxb7 Qxb7+ 20. Kh2 Rfd8 21. Qf2 Bf6 22. Bxd4 cxd4 23. Ng4 Be7 24. Rae1 Rc6 25. Ne5 Rc3 26. Nd3 Qc7 27. Rxe6 Rxc2 28. Re2 Rc3 29. Rd1 Bf6 30. Qf3 Rc8 31. Qd5+ Kh8 32. Qe6 h6 33. Qf5 Rc2 34. Rde1 Qc3 35. Kg1 Rxe2 36. Rxe2 Rf8 37. Kh2 Qc8 38. Qe4 Qc3 39. Qg6 Qc8 40. h4 Qd7 41. Qe4 Rc8 42. h5 Qg4 43. Qe6 Qxh5+ 44. Kg2 Rf8 45. Ne5 Qxe2+ 46. Kh3 Bxe5 0-1

[Event "FIDE World Blitz-ch Women 2018"]
[Site "St. Petersburg"]
[Date "2018.12.30"]
[Round "11.33"]
[White "Tsolakidou, Stavroula"]
[Black "Lelekova, Olga"]
[Result "1-0"]
[WhiteElo "2387"]
[BlackElo "2261"]
[Annotator "NA"]
[PlyCount "45"]
[EventDate "2018.12.19"]
[EventType "swiss"]
[EventCountry "RUS"]
[SourceTitle "playchess.com"]
[Source "ChessBase"]
[SourceQuality "1"]

1. Nf3 c5 2. e4 Nc6 3. Bb5 d6 4. O-O Bd7 5. Re1 g6 6. c3 Bg7 7. d4 cxd4 8. cxd4 Qb6 9. Nc3 e6 10. Be3 Qa5 11. Bf4 Bf8 12. d5 Nb4 13. Bxd7+ Kxd7 14. dxe6+ fxe6 15. Qd4 Nf6 16. Qxf6 Be7 17. Qg7 Nc2 18. Bxd6 Nxe1 19. Qxe7+ Kc6 20. Nd4+ Kb6 21. Bc7+ Ka6 22. Bxa5 Rhc8 23. Qa3 1-0

[Event "FIDE World Blitz-ch Women 2018"]
[Site "St. Petersburg"]
[Date "2018.12.30"]
[Round "11.34"]
[White "Semenova, Elena"]
[Black "Maltsevskaya, Aleksandra"]
[Result "1-0"]
[WhiteElo "2260"]
[BlackElo "2243"]
[Annotator "NA"]
[PlyCount "94"]
[EventDate "2018.12.19"]
[EventType "swiss"]
[EventCountry "RUS"]
[SourceTitle "playchess.com"]
[Source "ChessBase"]
[SourceQuality "1"]

1. e4 c5 2. Nf3 e6 3. c3 d5 4. exd5 Qxd5 5. d4 Nf6 6. Na3 Be7 7. Nb5 Na6 8. Be3 O-O 9. dxc5 Bxc5 10. Qxd5 Nxd5 11. Bxc5 Nxc5 12. O-O-O Ne4 13. Rd4 Nxf2 14. Rg1 Bd7 15. Kd2 f5 16. Ne5 Bc6 17. Ke1 Ne4 18. Na3 Rfd8 19. Bd3 Ndf6 20. Bc4 Rxd4 21. Bxe6+ Kf8 22. cxd4 Re8 23. Bxf5 Nd6 24. Bd3 Nf7 25. Kd2 Nxe5 26. dxe5 Rxe5 27. Nc4 Rd5 28. Kc2 Rd4 29. Ne5 Be8 30. g4 h6 31. h4 Rf4 32. g5 hxg5 33. hxg5 Nd5 34. a3 Rf2+ 35. Kb3 Ke7 36. Nc4 Bf7 37. Re1+ Kf8 38. g6 Rf3 39. Kc2 Rf2+ 40. Kb3 Nf4 41. gxf7 Nxd3 42. Re3 Nc5+ 43. Kb4 b6 44. Nd6 Rf4+ 45. Kb5 Ne4 46. Rh3 Nxd6+ 47. Kc6 Nxf7 1-0

[Event "FIDE World Blitz-ch Women 2018"]
[Site "St. Petersburg"]
[Date "2018.12.30"]
[Round "11.35"]
[White "Protopopova, Anastasiya"]
[Black "Vega Gutierrez, Sabrina"]
[Result "0-1"]
[WhiteElo "2304"]
[BlackElo "2390"]
[Annotator "NA"]
[PlyCount "96"]
[EventDate "2018.12.19"]
[EventType "swiss"]
[EventCountry "RUS"]
[SourceTitle "playchess.com"]
[Source "ChessBase"]
[SourceQuality "1"]

1. d4 d5 2. Nf3 Nf6 3. c4 dxc4 4. e3 Bg4 5. Bxc4 e6 6. O-O Nbd7 7. Nc3 Bb4 8. Be2 O-O 9. Qb3 c5 10. a3 Bxc3 11. bxc3 Qc7 12. a4 Rfe8 13. h3 Bh5 14. Re1 Rac8 15. Rb1 b6 16. Ba3 c4 17. Qa2 e5 18. Rbc1 e4 19. Nd2 Bxe2 20. Rxe2 Nd5 21. Qc2 Re6 22. Nxe4 Rce8 23. Ng3 Nxe3 24. fxe3 Qxg3 25. e4 Nf6 26. Rce1 Qg6 27. d5 Rxe4 28. Rxe4 Rxe4 29. Rxe4 Qxe4 30. Qxe4 Nxe4 31. Bb2 Kf8 32. Kf1 Ke7 33. Ke2 Kd6 34. Ke3 Kxd5 35. g4 f6 36. Kf4 Nf2 37. Ke3 Nxh3 38. Ba3 Ng5 39. Bf8 Ne6 40. Be7 Nc5 41. Bf8 g6 42. Be7 f5 43. gxf5 gxf5 44. Kf4 Ke6 45. Bd8 Nxa4 46. Bc7 Nxc3 47. Bb8 Nd5+ 48. Kf3 a5 0-1

[Event "FIDE World Blitz-ch Women 2018"]
[Site "St. Petersburg"]
[Date "2018.12.30"]
[Round "11.36"]
[White "Berend, Elvira"]
[Black "Tokhirjonova, Gulrukhbegim"]
[Result "0-1"]
[WhiteElo "2332"]
[BlackElo "2444"]
[Annotator "NA"]
[PlyCount "74"]
[EventDate "2018.12.19"]
[EventType "swiss"]
[EventCountry "RUS"]
[SourceTitle "playchess.com"]
[Source "ChessBase"]
[SourceQuality "1"]

1. d4 e6 2. Nf3 b6 3. g3 Bb7 4. Bg2 Nf6 5. O-O Be7 6. c4 O-O 7. Nc3 d5 8. Ne5 Nbd7 9. Qa4 Nxe5 10. dxe5 Nd7 11. cxd5 Nc5 12. Qd1 exd5 13. Nxd5 c6 14. Nc3 Qc7 15. f4 Rad8 16. Qc2 Ne6 17. e3 Ba6 18. Re1 Bd3 19. Qf2 b5 20. f5 Ng5 21. h4 b4 22. hxg5 bxc3 23. f6 Bb4 24. bxc3 Bxc3 25. Bb2 Bxe1 26. Rxe1 Rfe8 27. Rc1 c5 28. Bd4 c4 29. fxg7 Qe7 30. Qf4 a5 31. Bc6 Qa3 32. Ra1 Re6 33. Qf2 Rxc6 34. Re1 Re6 35. Kh2 c3 36. Rd1 c2 37. Rc1 Qxc1 0-1

[Event "FIDE World Blitz-ch Women 2018"]
[Site "St. Petersburg"]
[Date "2018.12.30"]
[Round "11.37"]
[White "Strutinskaia, Galina"]
[Black "Belenkaya, Dina"]
[Result "0-1"]
[WhiteElo "2201"]
[BlackElo "2338"]
[Annotator "NA"]
[PlyCount "91"]
[EventDate "2018.12.19"]
[EventType "swiss"]
[EventCountry "RUS"]
[SourceTitle "playchess.com"]
[Source "ChessBase"]
[SourceQuality "1"]

1. b3 d5 2. Bb2 Nf6 3. f4 g6 4. Nf3 Bg7 5. e3 c6 6. d3 O-O 7. Nbd2 a5 8. a4 Nbd7 9. e4 dxe4 10. dxe4 Nc5 11. e5 Nd5 12. Qe2 Nxf4 13. Qe3 Nce6 14. O-O-O Qc7 15. g3 Nd5 16. Qf2 Bd7 17. Kb1 Rad8 18. Ne4 Bc8 19. Bc4 b6 20. h4 Qb7 21. Qe2 Nec7 22. h5 b5 23. axb5 cxb5 24. Bd3 Nb4 25. hxg6 fxg6 26. Qh2 h5 27. Nh4 Nxd3 28. cxd3 Bf5 29. Nxf5 Rxf5 30. g4 Rf3 31. gxh5 Rfxd3 32. Rxd3 Qxe4 33. hxg6 Qxd3+ 34. Ka1 Qxg6 35. Rg1 Qh7 36. Qg2 Ne6 37. Qc6 Qh6 38. Qxb5 Qe3 39. Rh1 Qe4 40. Rc1 Qd5 41. Qb6 Bxe5 42. Rg1+ Kf7 43. Qf2+ Bf6 44. Rg3 Qd1+ 45. Ka2 a4 46. Qg2 0-1